000
00306nam a22001337a 4500
008
170131b xxu||||| |||| 00| 0 eng d
020
_a
9780683004380
041
_a
eng
080
_2
4TH
_a
61
100
_a
3
101
_a
SHMI
245
_a
PRINCIPLES OF AMBULATORY MEDICINE
_c
BARKER, L.R
942
_2
udc
_c
BK
999
_c
4092
_d
4092